Flags of Prime Meridian Countries - Sudden Death - Statistics

General Stats
  • This quiz has been taken 261 times
  • The average score is 3 of 8
Answers on the Grid
Answers color-coded by a green-red scale on the quiz's grid according to % correct below.
 
Answer Stats
Answer % Correct
79%
56%
52%
32%
13%
12%
12%
10%
No matching quizzes found
Score Distribution
Percent of People with Each Score
Percentile by Number Answered
Your Score History
You have not taken this quiz